Bulletin of the Transilvania University of Brasov Economic Sciences : Series V

Detalles Bibliográficos
Formato: Revista
Lenguaje:inglés
Publicado: Brasov : Transilvania University of Brasov, 2009-
Materias:
Acceso en línea:http://www.vlex.com/source/7166

MARC

LEADER 00000nas a22000007a 4500
005 20130314165339.0
007 cr|||| ||||
008 130314c20099999rm fr|p s|||| 0|||a1eng d
022 |a 20652194  
035 |a 7166  
040 |a vLex 
090 |c 3916  |d 3916 
245 0 0 |a Bulletin of the Transilvania University of Brasov  |b Economic Sciences : Series V  |h [Recurso electrn̤ico]  
256 |a Servicio en ln̕ea 
260 |a Brasov :  |b Transilvania University of Brasov,   |c 2009- 
300 |a 1 Recurso electrn̤ico 
506 |d vLex Global  |d vLex Global (Academic Edition, excluding Law Schools)  |d vLex Global (U.S. Academic Edition, Law Schools)  |d vLex Global (U.S. Academic Edition, excluding Law Schools)  |d vLex Global (Academic Edition, Law Schools) 
650 0 4 |a Economa̕  |v Revistas 
740 |a vLex Revistas (Servicio en ln̕ea) 
856 |a Acceso restringido  |u http://www.vlex.com/source/7166 
942 |c REV 
999 0 |b Economics